| 000 | 00742nam a22002175i 4500 | ||
|---|---|---|---|
| 001 | 154667 | ||
| 003 | ES-MaACL | ||
| 005 | 20230906205819.0 | ||
| 008 | 040715s1857 gw |||| | eng d | ||
| 040 |
_aCAM _bspa _cCAM |
||
| 100 | 1 |
_aGore, Catherine Grace Frances. _9127476 |
|
| 245 | 1 | 4 |
_aThe two aristocracies _b: a novel / _cby Mrs. Gore. |
| 260 |
_aLeipzig : _bBernhard Tauchnitz, _c1857. |
||
| 300 |
_a2 v. (316 ; 308 p.) ; _c16 cm. |
||
| 490 | 1 |
_aCollection of british authors ; _v402 ; 403 |
|
| 650 | 4 |
_aNovela inglesa. _9137408 |
|
| 752 |
_aAlemania - _dLeipzig |
||
| 830 | 0 |
_aCollection of british authors ; _v402 ; 403 _9180703 |
|
| 852 |
_aES-MaACL _j, G-12445 _z-- Enc. hol. _z-- Enc. 2 t. en 1 v. |
||
| 999 |
_c154667 _d154667 |
||